[Event "Sables d'Olonne op 2nd"]
[Site "Sables d'Olonne"]
[Date "2015.07.13"]
[Round "3"]
[White "Hutois, Mickael"]
[Black "Delias, Gerard"]
[Result "1-0"]
[WhiteElo "2279"]
[BlackElo "1624"]
[PlyCount "89"]
[EventDate "2015.07.11"]
[EventType "swiss"]
[EventRounds "9"]
[EventCountry "FRA"]
[SourceTitle "CBM 167 Extra"]
[Source "ChessBase"]
[SourceDate "2015.09.14"]
[SourceVersion "1"]
[SourceVersionDate "2015.09.14"]
[SourceQuality "1"]

1. e4 c5 2. Nf3 e6 3. d4 cxd4 4. Nxd4 a6 5. Nc3 Qc7 6. Be3 Bb4 7. Nde2 Nf6 8. a3 Be7 9. h3 Nc6 10. g4 d5 11. exd5 Nxd5 12. Nxd5 exd5 13. Qxd5 Be6 14. Qe4 0-0-0 15. Bg2 Bd5 16. Qf5+ Be6 17. Qf4 Bd6 18. Qa4 Ne5 19. Nd4 Bd7 20. Qb3 Nc4 21. Bxb7+ Qxb7 22. Qxc4+ Kb8 23. 0-0-0 Rc8 24. Qxf7 Be5 25. Bf4 Rxc2+ 26. Kxc2 Ba4+ 27. b3 Qxf7 28. Bxe5+ Ka8 29. bxa4 Qa2+ 30. Kd3 Qxa3+ 31. Ke4 Re8 32. g5 Qc5 33. f4 g6 34. Rc1 Qa3 35. Rc6 Qxa4 36. Rb1 Qa2 37. Rbb6 Qg2+ 38. Ke3 Qxh3+ 39. Nf3 Rxe5+ 40. fxe5 h6 41. Rxa6+ Kb7 42. Rab6+ Ka7 43. Rb2 Qd7 44. Rc3 Qa4 45. gxh6 1-0

[Event "La Fere op 11th"]
[Site "La Fere"]
[Date "2012.07.09"]
[Round "4"]
[White "Delias, Gerard"]
[Black "Vekemans, Sylvain"]
[Result "0-1"]
[WhiteElo "1610"]
[BlackElo "1779"]
[PlyCount "76"]
[EventDate "2012.07.07"]
[EventType "swiss"]
[EventRounds "9"]
[EventCountry "FRA"]
[SourceTitle "CBM 149 Extra"]
[Source "ChessBase"]
[SourceDate "2012.08.24"]
[SourceVersion "1"]
[SourceVersionDate "2012.08.24"]
[SourceQuality "1"]

1. c4 e5 2. g3 f5 3. Bg2 Nf6 4. Nc3 g6 5. e3 Bg7 6. Nge2 0-0 7. d4 exd4 8. Nxd4 Nc6 9. 0-0 Nxd4 10. exd4 c6 11. d5 Re8 12. Bf4 h6 13. Qd2 g5 14. Be3 Ng4 15. Bd4 Ne5 16. b3 cxd5 17. Nxd5 d6 18. Rfe1 g4 19. Qc3 Rb8 20. Re3 b6 21. Rae1 Bb7 22. Kf1 Qg5 23. f4 gxf3 24. Bxf3 h5 25. Bg2 Rf8 26. Nf4 Bxg2+ 27. Kxg2 Rbe8 28. b4 Qh6 29. c5 Rc8 30. Qb3+ Kh7 31. cxd6 Ng4 32. Re7 Rg8 33. d7 Rcd8 34. R1e6 Qg5 35. Re8 Bxd4 36. Rxg8 Qxg8 37. Qd3 Ne3+ 38. Kh3 Qg4# 0-1

[Event "La Fere op 10th"]
[Site "La Fere"]
[Date "2011.07.08"]
[Round "8.35"]
[White "Delias, Gerard"]
[Black "Koechler, Thomas"]
[Result "0-1"]
[WhiteElo "1580"]
[BlackElo "1989"]
[PlyCount "94"]
[EventDate "2011.07.02"]
[EventType "swiss"]
[EventRounds "9"]
[EventCountry "FRA"]
[SourceTitle "EXT 2012"]
[Source "ChessBase"]
[SourceDate "2011.11.24"]
[SourceVersion "1"]
[SourceVersionDate "2011.11.24"]
[SourceQuality "1"]

1. c4 f5 2. d4 e6 3. Nc3 Nf6 4. Nf3 b6 5. e3 Bb7 6. Be2 Bb4 7. 0-0 Bxc3 8. bxc3 Ne4 9. Qc2 Nc6 10. Ba3 Ne7 11. Nd2 Ng6 12. Nxe4 Bxe4 13. Bd3 Bb7 14. f3 Qg5 15. Bc1 h5 16. e4 f4 17. d5 h4 18. h3 Ne5 19. Bd2 Rh6 20. Rf2 Rg6 21. Be2 Ba6 22. Qc1 Rf6 23. Qf1 0-0-0 24. c5 Bxe2 25. Qxe2 Rg6 26. cxb6 cxb6 27. a4 exd5 28. exd5 Re8 29. Kh1 Qg3 30. Raf1 Kd8 31. Qd1 Nd3 32. Re2 Re5 33. Be1 Nxe1 34. Rfxe1 Rxe2 35. Qxe2 Qg5 36. c4 Kc7 37. Qe5+ Qxe5 38. Rxe5 Kd6 39. Rf5 Rf6 40. Rh5 Kc5 41. Rxh4 Kxc4 42. g4 Kxd5 43. Rh5+ Kc4 44. Rf5 Rxf5 45. gxf5 d5 46. f6 gxf6 47. h4 d4 0-1

[Event "La Fere op 10th"]
[Site "La Fere"]
[Date "2011.07.07"]
[Round "7.21"]
[White "Delias, Gerard"]
[Black "Londers, Jan"]
[Result "0-1"]
[WhiteElo "1580"]
[BlackElo "1877"]
[PlyCount "54"]
[EventDate "2011.07.02"]
[EventType "swiss"]
[EventRounds "9"]
[EventCountry "FRA"]
[SourceTitle "EXT 2012"]
[Source "ChessBase"]
[SourceDate "2011.11.24"]
[SourceVersion "1"]
[SourceVersionDate "2011.11.24"]
[SourceQuality "1"]

1. c4 g6 2. d4 Bg7 3. e4 d6 4. Be3 Nf6 5. f3 0-0 6. Ne2 Nc6 7. Nbc3 a6 8. Nc1 Rb8 9. Be2 Re8 10. 0-0 e5 11. Nb3 exd4 12. Nxd4 Nh5 13. Qd2 f5 14. Rac1 Nf4 15. Rfd1 Bxd4 16. Bxd4 Qg5 17. Bf1 Nxd4 18. Qxd4 Ne6 19. Qf2 Bd7 20. Re1 c5 21. Rcd1 Nd4 22. Bd3 Bc6 23. Ne2 Nxf3+ 24. Qxf3 fxe4 25. Bxe4 Rxe4 26. Qg3 Rg4 27. Qh3 Rxg2+ 0-1

[Event "La Fere op"]
[Site "La Fere"]
[Date "2010.07.05"]
[Round "3"]
[White "Delias, Gerard"]
[Black "Brelot, Loic"]
[Result "1/2-1/2"]
[WhiteElo "1493"]
[BlackElo "1715"]
[PlyCount "106"]
[EventDate "2010.07.03"]
[EventType "swiss"]
[EventRounds "9"]
[EventCountry "FRA"]
[SourceTitle "CBM 137 Extra"]
[Source "ChessBase"]
[SourceDate "2010.09.01"]
[SourceVersion "1"]
[SourceVersionDate "2010.09.01"]
[SourceQuality "1"]

1. c4 e6 2. e4 d5 3. exd5 exd5 4. d4 Nf6 5. Nf3 Be7 6. Bd3 0-0 7. 0-0 dxc4 8. Bxc4 Bg4 9. Be3 c6 10. h3 Bh5 11. Nbd2 Nbd7 12. Qc2 Bg6 13. Bd3 Bxd3 14. Qxd3 Nb6 15. Qc2 Nbd5 16. Rfe1 Qc7 17. Nb3 Rfe8 18. a3 Bd6 19. Bg5 Bf4 20. Bxf4 Qxf4 21. Nc5 Qc7 22. Qd2 Rad8 23. Rxe8+ Rxe8 24. Re1 Rxe1+ 25. Qxe1 h6 26. Qe5 Qc8 27. b4 b6 28. Ne4 Nxe4 29. Qxe4 Nf6 30. Qe5 Qa6 31. Qe3 Qc4 32. Ne5 Qc2 33. Qf3 c5 34. dxc5 bxc5 35. bxc5 Qxc5 36. Qe3 Qc7 37. Nf3 a5 38. Nh4 a4 39. Nf5 Qd7 40. Qf3 Qe6 41. Nd4 Qc4 42. Qe3 Qa2 43. Qc3 Qb1+ 44. Kh2 Qb8+ 45. Kg1 Ne4 46. Qc2 Qa8 47. Nb5 Nf6 48. Qc4 Qa6 49. Qd3 Qe6 50. Qd8+ Kh7 51. Qd3+ Kg8 52. Qd8+ Kh7 53. Qd3+ Kg8 1/2-1/2